whiplash quiz - Statistics

General Stats
  • This quiz has been taken 81 times
  • The average score is 5 of 8
Answer Stats
Hint Answer % Correct
Who is the sadistic bald guy Fletcher
93%
Neiman's brother plays this sport Football
85%
Who is the main character Neiman
82%
Fletcher's main instrument Piano
81%
Instrument that gets called out for being out-of-tune Trombone
62%
Fletcher trolls Neiman with this piece he doesn't know Upswingin'
46%
What got Neiman into the studio band Double-time swing
44%
Who wrote Caravan Joe Stilgoe
1%
No matching quizzes found
Score Distribution
Percent of People with Each Score
Percentile by Number Answered
Your Score History
You have not taken this quiz